<?xml version="1.0" encoding="UTF-8"?>
<record
    xmlns:xsi="http://www.w3.org/2001/XMLSchema-instance"
    xsi:schemaLocation="http://www.loc.gov/MARC21/slim http://www.loc.gov/standards/marcxml/schema/MARC21slim.xsd"
    xmlns="http://www.loc.gov/MARC21/slim">

  <leader>01027nam a22002777a 4500</leader>
  <datafield tag="952" ind1=" " ind2=" ">
    <subfield code="a">0001</subfield>
    <subfield code="b">0001</subfield>
    <subfield code="d">2019-03-14</subfield>
    <subfield code="l">0</subfield>
    <subfield code="o">956.100491992 H97e 1998</subfield>
    <subfield code="p">019010</subfield>
    <subfield code="r">2019-03-14 00:00:00</subfield>
    <subfield code="t">c.1</subfield>
    <subfield code="w">2019-03-14</subfield>
    <subfield code="y">BKS</subfield>
  </datafield>
  <datafield tag="952" ind1=" " ind2=" ">
    <subfield code="a">0001</subfield>
    <subfield code="b">0001</subfield>
    <subfield code="d">2019-03-14</subfield>
    <subfield code="l">0</subfield>
    <subfield code="o">956.100491992 H97e 1998</subfield>
    <subfield code="p">019011</subfield>
    <subfield code="r">2019-03-14 00:00:00</subfield>
    <subfield code="t">c.2</subfield>
    <subfield code="w">2019-03-14</subfield>
    <subfield code="y">BKS</subfield>
  </datafield>
  <datafield tag="999" ind1=" " ind2=" ">
    <subfield code="c">12950</subfield>
    <subfield code="d">12950</subfield>
  </datafield>
  <controlfield tag="003">MIRAKIL</controlfield>
  <controlfield tag="005">20190314140941.0</controlfield>
  <controlfield tag="008">190314b        tu ||||| |||| 00| 0 tur d</controlfield>
  <datafield tag="020" ind1=" " ind2=" ">
    <subfield code="a">9751908159 (Tk no.)</subfield>
  </datafield>
  <datafield tag="020" ind1=" " ind2=" ">
    <subfield code="a">9751908167 (1.cilt)</subfield>
  </datafield>
  <datafield tag="020" ind1=" " ind2=" ">
    <subfield code="a">9751908175 (2.cilt)</subfield>
  </datafield>
  <datafield tag="040" ind1=" " ind2=" ">
    <subfield code="a">TR-AnCHP</subfield>
    <subfield code="c">TR-AnCHP</subfield>
  </datafield>
  <datafield tag="041" ind1=" " ind2=" ">
    <subfield code="a">tur</subfield>
  </datafield>
  <datafield tag="082" ind1=" " ind2=" ">
    <subfield code="a">956.100491992</subfield>
    <subfield code="b">H97e 1998</subfield>
  </datafield>
  <datafield tag="100" ind1=" " ind2=" ">
    <subfield code="a">H&#xFC;seyin Naz&#x131;m Pa&#x15F;a</subfield>
  </datafield>
  <datafield tag="245" ind1="1" ind2="0">
    <subfield code="a">Ermeni olaylar&#x131; tarihi 1-2 /</subfield>
    <subfield code="c">H&#xFC;seyin Naz&#x131;m Pa&#x15F;a ; haz&#x131;rlayanlar: Necati Akta&#x15F;, Mustafa O&#x11F;uz, Mustafa K&#xFC;&#xE7;&#xFC;k</subfield>
  </datafield>
  <datafield tag="260" ind1=" " ind2=" ">
    <subfield code="a">Ankara :</subfield>
    <subfield code="b">Devlet Ar&#x15F;ivleri Genel M&#xFC;d&#xFC;rl&#xFC;&#x11F;&#xFC;,</subfield>
    <subfield code="c">1998.</subfield>
  </datafield>
  <datafield tag="300" ind1=" " ind2=" ">
    <subfield code="a">c &lt;1,2&gt; :</subfield>
    <subfield code="c">24 sm.</subfield>
  </datafield>
  <datafield tag="490" ind1="0" ind2=" ">
    <subfield code="a">Devlet Ar&#x15F;ivleri Genel M&#xFC;d&#xFC;rl&#xFC;&#x11F;&#xFC; Osmanl&#x131; Ar&#x15F;ivi Daire Ba&#x15F;kanl&#x131;&#x11F;&#x131; ;</subfield>
    <subfield code="v">yay&#x131;n nu: 15</subfield>
  </datafield>
  <datafield tag="650" ind1=" " ind2="0">
    <subfield code="9">710</subfield>
    <subfield code="a">Osmanl&#x131; &#x130;mparatorlu&#x11F;u</subfield>
    <subfield code="x">Tarih</subfield>
    <subfield code="x">Ermeniler</subfield>
  </datafield>
  <datafield tag="650" ind1=" " ind2="0">
    <subfield code="9">5447</subfield>
    <subfield code="a">Ermeni olaylar&#x131;</subfield>
    <subfield code="x">Tarih</subfield>
    <subfield code="x">Belgeler</subfield>
  </datafield>
  <datafield tag="700" ind1=" " ind2=" ">
    <subfield code="9">5455</subfield>
    <subfield code="a">Akta&#x15F;, Necati</subfield>
    <subfield code="e">haz.</subfield>
  </datafield>
  <datafield tag="700" ind1=" " ind2=" ">
    <subfield code="9">5456</subfield>
    <subfield code="a">O&#x11F;uz, Mustafa</subfield>
    <subfield code="e">haz.</subfield>
  </datafield>
  <datafield tag="700" ind1=" " ind2=" ">
    <subfield code="9">5457</subfield>
    <subfield code="a">K&#xFC;&#xE7;&#xFC;k, Mustafa</subfield>
    <subfield code="e">haz.</subfield>
  </datafield>
  <datafield tag="942" ind1=" " ind2=" ">
    <subfield code="2">ddc</subfield>
    <subfield code="c">BKS</subfield>
  </datafield>
</record>
